| 000 | 01476cam a2200385 i 4500 | ||
|---|---|---|---|
| 001 | 991061731900106706 | ||
| 003 | ES-BaIT | ||
| 005 | 20260306111407.0 | ||
| 008 | 260603q17581796sp 000 d spa c | ||
| 040 |
_aES-BaIT _bcat _erda _cES-BaIT |
||
| 080 | _a860-2"17" | ||
| 245 | 0 | 0 | _aEntremes nuevo, Anton Molinero |
| 246 | 3 | 0 | _aAnton Molinero |
| 264 | 1 |
_aEn Sevilla, _ben la imprenta de Manuel Nicolàs Vazquez, en calle Genova, _c[entre 1758 i 1796] |
|
| 300 |
_a8 pàgines sense numerar ; _c8º |
||
| 336 |
_atext _btxt _2rdacontent |
||
| 337 |
_asense mediació _bn _2rdamedia |
||
| 338 |
_avolum _bnc _2rdacarrier |
||
| 500 | _aSignatura: A4 | ||
| 500 | _aDades d'edició obtingudes del colofó | ||
| 500 | _aData d'edició deduïda dels anys d'activitat de l'editor | ||
| 530 | _aReproducció digital disponible a Biblioescènic | ||
| 655 | 7 |
_aEntremesos castellans _yS. XVIII _2lemac _9168430 |
|
| 700 | 1 |
_aVázquez, Manuel Nicolás, _dactiu 1758-1796 _eimpressor _9162741 |
|
| 730 | 0 |
_aCol·lecció digital Biblioescènic del MAE _969172 |
|
| 752 |
_aEspaña _dSevilla |
||
| 856 | 4 | 1 |
_zAccés lliure (Biblioescènic) _uhttps://books.cdmae.cat/visorpdf/?recurs=SV0084-11 |
| 856 | 4 | 1 |
_zAccés lliure (BVMC) _uhttps://www.cervantesvirtual.com/obra/entremes-nuevo-anton-molinero/ |
| 902 | _aFons antic | ||
| 902 | _aPatrimoni | ||
| 908 | _aCDMAE | ||
| 940 | _aCDMAE | ||
| 942 |
_2udc _cDIGITAL |
||
| 999 |
_c137211 _d137211 |
||